Statistical mechanics and dynamics

Gespeichert in:
Bibliographische Detailangaben
Hauptverfasser: Eyring, Henry (VerfasserIn), Herderson, Douglas (VerfasserIn), Jones Stover, Betsy (VerfasserIn), Eyring, Edward M (VerfasserIn)
Format: Buch
Sprache:Englisch
Veröffentlicht: Nueva York John Wiley 1978
Ausgabe:2a. ed
Schlagworte:
Tags: Tag hinzufügen
Keine Tags, Fügen Sie den ersten Tag hinzu!

MARC

LEADER 00000nam a2200000 a 4500
001 UCZ9924
003 CL-VaPUC
008 960314e19780000US |||||||||||||||||eng|d
082 0 4 |a 530.13  |b EYR  |2 21 
100 0 |a Eyring, Henry  |e author  |9 354924 
700 0 |a Herderson, Douglas  |e author  |9 354925 
700 0 |a Jones Stover, Betsy  |e author  |9 354926 
700 0 |a Eyring, Edward M  |e author  |9 354927 
245 1 0 |a Statistical mechanics and dynamics 
250 |a 2a. ed 
300 |a 785 p 
942 |c BK 
945 |d 19960314 00:00:00  |a rleighto 
260 |a Nueva York  |b John Wiley  |c 1978 
650 0 |a Mecánica estadística  |9 261055 
650 0 |a Dinámica  |9 260136 
650 0 |a Mecánica   |9 260096 
650 0 |a Mecánica cuántica  |9 306806 
650 0 |a Termodinámica   |9 259320 
583 |a last modification  |c 19960314 00:00:00  |k Rodrigo Vera 
999 |c 244969  |d 244967 
952 |0 0  |1 0  |4 0  |6 530_130000000000000_EYR_1978  |7 0  |8 A  |9 259270  |a BIBCUR  |b BIBCUR  |d 2019-11-19  |i 318093K  |o 530.13 EYR 1978  |p 318093K  |r 2025-04-22  |w 2019-11-19  |y BK  |k BCB